| 000 | 00575nam a2200181Ia 4500 | ||
|---|---|---|---|
| 003 | GCL | ||
| 008 | 140319s9999 xx 000 0 ara d | ||
| 040 |
_aGCL / _cGCL |
||
| 082 | 0 | 4 |
_a327.973 _bك ح |
| 100 | 1 | _aكينان , جورج | |
| 245 | 1 | 0 |
_aحقائق السياسة الخارجية الامريكية / _cكينان , جورج |
| 300 | _a68 ص | ||
| 490 |
_aكتب سياسية _v0 |
||
| 650 | 0 | 4 | _aالولايات المتحدة الامريكية |
| 650 | 0 | 4 | _aالسياسة الخارجية |
| 650 | 0 | 4 | _aالعلاقات الخارجية |
| 942 |
_2ddc _cBK |
||
| 999 |
_c42618 _d42618 |
||